Подробности
| 000 -МАРКЕР |
| контрольное поле |
03480nam0a2200625 4500 |
| 001 - ИДЕНТИФИКАТОР ЗАПИСИ |
| контрольное поле |
RU\NLR\A2\5933 |
| 005 - ИДЕНТИФИКАТОР ВЕРСИИ |
| контрольное поле |
20260408084255.0 |
| 035 ## - ДРУГИЕ СИСТЕМНЫЕ НОМЕРА |
| Идентификатор записи |
(NLR Aleph) 009859450 |
| 100 ## - ДАННЫЕ ОБЩЕЙ ОБРАБОТКИ |
| Данные общей обработки |
19961018d1790 u y0rusy50 ca |
| 101 0# - ЯЗЫК РЕСУРСА |
| Язык текста, звукозаписи и т.д. |
немецкий |
| 102 ## - СТРАНА ПУБЛИКАЦИИ ИЛИ ПРОИЗВОДСТВА |
| Страна публикации |
российская федерация |
| 135 ## - ПОЛЕ КОДИРОВАННЫХ ДАННЫХ: ЭЛЕКТРОННЫЕ РЕСУРСЫ |
| Кодированные данные для электронного ресурса |
crcn 024anaba |
| 140 ## - ПОЛЕ КОДИРОВАННЫХ ДАННЫХ: СТАРОПЕЧАТНЫЕ ИЗДАНИЯ - ОБЩАЯ ИНФОРМАЦИЯ |
| Кодированные данные о старопечатном издании - Основные |
b y |||||||| ya 1000 |
| 200 1# - ЗАГЛАВИЕ И СВЕДЕНИЯ ОБ ОТВЕТСТВЕННОСТИ |
| Основное заглавие |
Kurze geographische Beschreibung des Russischen Reichs, |
| Сведения, относящиеся к заглавию |
auf den Allerhöchsten Befehl der regierenden Kaiserinn Katharina der Zweiten für die öffentlichen Schulen des Russischen Reichs herausgegeben |
| 210 ## - ПУБЛИКАЦИЯ, РАСПРОСТРАНЕНИЕ И ДР. |
| Место издания, распространения и т.д. |
St. Petersburg [St.- Peterburg |
| Имя издателя, распространителя и т. д. |
Johann Karl Schnoor] |
| Дата издания, распространения и т.д. |
1790 |
| 215 ## - ФИЗИЧЕСКАЯ ХАРАКТЕРИСТИКА |
| Специфическое обозначение материала и объем |
[10], 118 с. |
| Размеры |
8° (20 см) |
| 304 ## - ПРИМЕЧАНИЯ, ОТНОСЯЩИЕСЯ К ЗАГЛАВИЮ И СВЕДЕНИЯМ ОБ ОТВЕТСТВЕННОСТИ |
| Текст примечания |
Авт.: Johann Friedrich Hackmann. Установл. по: Сводный каталог книг на иностранных языках, изданных в России в XVIII веке. 1701-1800. Т. 2. — Л., 1985. — С. 5 |
| 306 ## - ПРИМЕЧАНИЯ, ОТНОСЯЩИЕСЯ К ПУБЛИКАЦИИ, РАСПРОСТРАНЕНИЮ И ИСПОЛНЕНИЯ ИЗДАНИЯ |
| Текст примечания |
Тип. установл. по: Сводный каталог книг на иностранных языках, изданных в России в XVIII веке. 1701-1800. Т. 2. — Л., 1985. — С. 5 |
| 307 ## - ПРИМЕЧАНИЯ, ОТНОСЯЩИЕСЯ К ФИЗИЧЕСКОМУ ОПИСАНИЮ |
| Текст примечания |
Заставки. С. 69 ошибочно помеч.: 79 |
| 310 ## - ПРИМЕЧАНИЯ, ОТНОСЯЩИЕСЯ К ПЕРЕПЛЕТУ И УСЛОВИЯМ ДОСТУПНОСТИ |
| Текст примечания |
На тит. л. цена: Das Exemplar kostet ungebunden 30 Kopeken |
| 316 ## - ПРИМЕЧАНИЯ ОБ ОСОБЕННОСТЯХ ЭКЗЕМПЛЯРА |
| Текст примечания |
Экз. РНБ (13.3.8.56): Красный кожан. пер. с золотым тиснением. Золотой обрез |
| Организация и экземпляр, к которому относится поле |
NLR: 13.3.8.56 |
| 316 ## - ПРИМЕЧАНИЯ ОБ ОСОБЕННОСТЯХ ЭКЗЕМПЛЯРА |
| Текст примечания |
Экз. РНБ (13.3.8.56a): Размер: 21 см. Желтый обрез |
| Организация и экземпляр, к которому относится поле |
NLR: 13.3.8.56a |
| 317 ## - ПРИМЕЧАНИЯ О ПРОИСХОЖДЕНИИ ЭКЗЕМПЛЯРА |
| Текст примечания |
Экз. РНБ (13.3.8.56): Экслибрис: Императорская Эрмитажная иностранная библiотека |
| Организация и экземпляр, к которому относится поле |
NLR: 13.3.8.56 |
| 321 1# - ПРИМЕЧАНИЯ ОБ ОТДЕЛЬНО ИЗДАННЫХ УКАЗАТЕЛЯХ / РЕФЕРАТАХ / ССЫЛКАХ, ОТРАЖАЮЩИХ КАТАЛОГИЗИРУЕМЫЙ ДОКУМЕНТ |
| Примечания об указателях, рефератах, ссылках |
СК XVIII(ин.) 1206 |
| 325 ## - ПРИМЕЧАНИЕ О КОПИИ |
| Текст примечания |
Копия доступна в Электрон. б-ке РНБ |
| 540 1# - ДОПОЛНИТЕЛЬНОЕ ЗАГЛАВИЕ, ПРИМЕНЯЕМОЕ КАТАЛОГИЗАТОРОМ |
| Заглавие |
Краткое географическое описание Российской империи |
| 607 ## - ГЕОГРАФИЧЕСКОЕ НАИМЕНОВАНИЕ КАК ПРЕДМЕТ |
| Географическое наименование |
Россия |
| Тематический подзаголовок |
География |
| Системный номер авторитетной/нормативной записи |
2414612 |
| Идентификатор авторитетной/нормативной записи |
RU\NLR\AUTH\661438397 |
| 620 ## - МЕСТО И ДАТА ПУБЛИКАЦИИ, ИСПОЛНЕНИЯ И Т. Д. |
| Город |
St.- Peterburg |
| 686 3# - ИНДЕКСЫ ДРУГИХ КЛАССИФИКАЦИЙ |
| Индекс |
Д890(28) |
| 700 #1 - ИМЯ ЛИЦА - ПЕРВИЧНАЯ ОТВЕТСТВЕННОСТЬ |
| Код отношения |
Автор |
| Графика поля |
Латинская |
| Материалы, к которым относится поле |
ger |
| Начальный элемент ввода |
Hackmann |
| Часть имени, кроме начального элемента ввода |
J. F. |
| Даты |
1756-1812 |
| Расширение инициалов личного имени |
Johann Friedrich |
| Системный номер авторитетной/нормативной записи |
228851 |
| Идентификатор авторитетной/нормативной записи |
RU\NLR\AUTH\770228907 |
| 702 #1 - ИМЯ ЛИЦА - ВТОРИЧНАЯ ОТВЕТСТВЕННОСТЬ |
| Код отношения |
Печатник (типограф) |
| Графика поля |
Латинская |
| Материалы, к которым относится поле |
ger |
| Начальный элемент ввода |
Schnoor |
| Часть имени, кроме начального элемента ввода |
J. K. |
| Даты |
1738-1812 |
| Расширение инициалов личного имени |
Johann Karl |
| Системный номер авторитетной/нормативной записи |
158236 |
| Идентификатор авторитетной/нормативной записи |
RU\NLR\AUTH\770158277 |
| 712 02 - НАИМЕНОВАНИЕ ОРГАНИЗАЦИИ - ВТОРИЧНАЯ ОТВЕТСТВЕННОСТЬ |
| Код отношения |
Бывший владелец |
| Начальный элемент ввода |
Эрмитаж |
| Идентифицирующий признак |
Петербург |
| Структурное подразделение |
Библиотека |
| Идентификатор авторитетной/нормативной записи |
RU\NLR\AUTH\8810185935 |
| Системный номер авторитетной/нормативной записи |
866833 |
| 801 #0 - ИСТОЧНИК ЗАПИСИ |
| Страна |
российская федерация |
| Организация |
NLR |
| Дата составления |
19961018 |
| 852 ## - МЕСТОНАХОЖДЕНИЕ И ШИФР ХРАНЕНИЯ |
| Идентификатор организации |
NLR |
| Наименование фонда или коллекции (Sub-Location Identifier) |
Rossica |
| Шифр хранения (Call Number) |
13.3.8.56 |
| 852 ## - МЕСТОНАХОЖДЕНИЕ И ШИФР ХРАНЕНИЯ |
| Идентификатор организации |
NLR |
| Наименование фонда или коллекции (Sub-Location Identifier) |
Rossica |
| Шифр хранения (Call Number) |
13.3.8.56a |
| 856 #0 - МЕСТОНАХОЖДЕНИЕ ЭЛЕКТРОННЫХ РЕСУРОВ И ДОСТУП К НИМ |
| Универсальный идентификатор ресурса (Uniform Resource Identifier) |
https://vivaldi.nlr.ru/bx000026624/view |
| 856 #1 - МЕСТОНАХОЖДЕНИЕ ЭЛЕКТРОННЫХ РЕСУРОВ И ДОСТУП К НИМ |
| Универсальный идентификатор ресурса (Uniform Resource Identifier) |
https://vivaldi.nlr.ru/bx000026624/cover |
| 856 #2 - МЕСТОНАХОЖДЕНИЕ ЭЛЕКТРОННЫХ РЕСУРОВ И ДОСТУП К НИМ |
| Универсальный идентификатор ресурса (Uniform Resource Identifier) |
https://vivaldi.nlr.ru/bx000026624/text |
| 942 ## - ДОПОЛНИТЕЛЬНЫЕ ЭЛЕМЕНТЫ ЗАПИСИ (АБИС) |
| Тип экземпляра АБИС |
Книга |
| 980 ## - КОЛЛЕКЦИЯ |
| Название коллекции |
Национальная библиография |
| 980 3# - КОЛЛЕКЦИЯ |
| Название коллекции |
Книги дома Романовых |
| 980 3# - КОЛЛЕКЦИЯ |
| Название коллекции |
КП2021 Книжные памятники 2021 г. |
| 980 3# - КОЛЛЕКЦИЯ |
| Название коллекции |
Книжные памятники РНБ |
| 980 ## - КОЛЛЕКЦИЯ |
| Название коллекции |
Россика |
| 980 ## - КОЛЛЕКЦИЯ |
| Название коллекции |
Книги XVIII века на западноевропейских языках, изданные в России |
| 981 22 - КОЛЛЕКЦИЯ ЭЛЕКТРОННОЙ БИБЛИОТЕКИ |
| Название коллекции |
Материалы по истории России |
| Название подколлекции |
2.11. Территория |
| 981 20 - КОЛЛЕКЦИЯ ЭЛЕКТРОННОЙ БИБЛИОТЕКИ |
| Название коллекции |
Книжные памятники РНБ |
| Название подколлекции |
Россика |